[Event "Olympiad Women-27"]
[Site "Dubai"]
[Date "1986.11.21"]
[Round "6"]
[White "Lebel Arias, Julia"]
[Black "Crotto, Rachel"]
[Result "1-0"]
[WhiteElo "2020"]
[BlackElo "2070"]
[PlyCount "107"]
[EventDate "1986.11.15"]
[EventType "team-swiss"]
[EventRounds "14"]
[EventCountry "UAE"]
[SourceTitle "EXT 2019"]
[Source "ChessBase"]
[SourceDate "2018.10.10"]
[SourceVersion "1"]
[SourceVersionDate "2018.10.10"]
[SourceQuality "1"]
[WhiteTeam "France (W)"]
[BlackTeam "United States (W)"]
[WhiteTeamCountry "FRA"]
[BlackTeamCountry "USA"]

1. d4 Nf6 2. Nf3 g6 3. Bf4 d6 4. e3 Bg7 5. Nbd2 Nh5 6. Bg5 h6 7. Bh4 c5 8. c3 Qc7 9. dxc5 dxc5 10. Bc4 Nc6 11. Qa4 Bd7 12. Qb3 0-0 13. Qc2 Kh7 14. h3 f5 15. g4 Nf6 16. g5 Nh5 17. gxh6 Bxh6 18. Rg1 e5 19. 0-0-0 Rae8 20. Ng5+ Kg7 21. f3 a6 22. Nb1 b5 23. Bd5 Nf6 24. Qg2 Nxd5 25. Rxd5 Ne7 26. Rdd1 Bc8 27. Ne6+ Bxe6 28. Bxe7 Bf7 29. Bxf8+ Kxf8 30. Qd2 Qa5 31. Qd6+ Kg7 32. a3 c4 33. Qc5 Kg8 34. Qc6 Bg7 35. Rd7 Re6 36. Qb7 Rf6 37. Qb8+ Kh7 38. Qxe5 Qa4 39. Qc7 Kg8 40. Nd2 b4 41. Rxf7 Rxf7 42. Qxc4 Qe8 43. axb4 Kh7 44. Qxa6 Qxe3 45. Qxg6+ Kg8 46. Kc2 Rd7 47. Rg2 Qd3+ 48. Kb3 Qd5+ 49. Nc4 Qd1+ 50. Rc2 Qe1 51. Qxf5 Rd1 52. Qe4 Qg3 53. Re2 Qxh3 54. Qe6+ 1-0

[Event "Olympiad Women-26"]
[Site "Thessaloniki"]
[Date "1984.11.25"]
[Round "7"]
[White "Crotto, Rachel"]
[Black "Adams, Diane"]
[Result "1-0"]
[WhiteElo "2030"]
[BlackElo "1905"]
[PlyCount "79"]
[EventDate "1984.11.19"]
[EventType "team-swiss"]
[EventRounds "14"]
[EventCountry "GRE"]
[SourceTitle "EXT 2019"]
[Source "ChessBase"]
[SourceDate "2018.10.10"]
[SourceVersion "1"]
[SourceVersionDate "2018.10.10"]
[SourceQuality "1"]
[WhiteTeam "United States (W)"]
[BlackTeam "Wales (W)"]
[WhiteTeamCountry "USA"]
[BlackTeamCountry "WLS"]

1. e4 c6 2. d3 d5 3. Nd2 e5 4. Ngf3 Qc7 5. Qe2 Bg4 6. exd5 Nd7 7. dxc6 Qxc6 8. Qe4 Qxe4+ 9. dxe4 a6 10. Bc4 Ngf6 11. 0-0 Bd6 12. Ng5 Bh5 13. f3 Nb6 14. Bb3 h6 15. Nh3 Nfd7 16. c3 Nc5 17. Bc2 f6 18. Rd1 Rd8 19. Nf1 Nc8 20. Be3 Bf7 21. Rxd6 Nd7 22. Rd2 Ke7 23. a4 Ndb6 24. Rxd8 Rxd8 25. b3 Na8 26. Nf2 Nc7 27. Ng3 Ne6 28. Nf5+ Kf8 29. g3 Ne7 30. Kg2 Rc8 31. c4 Nxf5 32. exf5 Nd4 33. Bxd4 exd4 34. Rd1 Re8 35. c5 Bd5 36. Ne4 Bc6 37. Bd3 Ke7 38. Bc4 Kd7 39. Rxd4+ Kc7 40. Rd8 1-0

[Event "Olympiad Women-10"]
[Site "Luzern"]
[Date "1982.11.06"]
[Round "7"]
[White "Van Parreren, Hanneke"]
[Black "Crotto, Rachel"]
[Result "0-1"]
[WhiteElo "2040"]
[BlackElo "2055"]
[PlyCount "60"]
[EventDate "1982.10.30"]
[EventType "team-swiss"]
[EventRounds "14"]
[EventCountry "SUI"]
[SourceTitle "EXT 2019"]
[Source "ChessBase"]
[SourceDate "2018.10.10"]
[SourceVersion "1"]
[SourceVersionDate "2018.10.10"]
[SourceQuality "1"]
[WhiteTeam "Netherlands (W)"]
[BlackTeam "United States (W)"]
[WhiteTeamCountry "NED"]
[BlackTeamCountry "USA"]

1. e4 c5 2. Nf3 e6 3. d4 cxd4 4. Nxd4 Nc6 5. Nb5 d6 6. c4 a6 7. N5c3 Nf6 8. Be2 Be7 9. 0-0 0-0 10. Na3 b6 11. f4 d5 12. cxd5 exd5 13. e5 Bc5+ 14. Kh1 Ne4 15. Nxd5 Nf2+ 16. Rxf2 Bxf2 17. Bd3 Qh4 18. Nc4 Bg4 19. Qf1 Rad8 20. Be4 Bg3 21. h3 Nd4 22. Ncxb6 Bf2 23. Be3 Bxe3 24. Nxe3 Be2 25. Qb1 Qxf4 26. Bxh7+ Kh8 27. Qe4 Qh6 28. Ned5 Bf3 29. Qxd4 Qxh3+ 30. Kg1 Qxg2# 0-1

[Event "Olympiad Women-10"]
[Site "Luzern"]
[Date "1982.10.31"]
[Round "2"]
[White "Crotto, Rachel"]
[Black "Maksimovic, Suzana"]
[Result "0-1"]
[WhiteElo "2055"]
[BlackElo "2135"]
[PlyCount "112"]
[EventDate "1982.10.30"]
[EventType "team-swiss"]
[EventRounds "14"]
[EventCountry "SUI"]
[SourceTitle "EXT 2019"]
[Source "ChessBase"]
[SourceDate "2018.10.10"]
[SourceVersion "1"]
[SourceVersionDate "2018.10.10"]
[SourceQuality "1"]
[WhiteTeam "United States (W)"]
[BlackTeam "Yugoslavia (W)"]
[WhiteTeamCountry "USA"]
[BlackTeamCountry "YUG"]

1. e4 c5 2. c3 d5 3. exd5 Qxd5 4. d4 e5 5. Nf3 cxd4 6. cxd4 Nc6 7. Nc3 Bb4 8. Bd2 Bxc3 9. Bxc3 e4 10. Ne5 Nxe5 11. dxe5 Ne7 12. Be2 0-0 13. 0-0 Be6 14. Qe1 Rfe8 15. f3 Qc5+ 16. Kh1 exf3 17. Bxf3 Nd5 18. Bd2 Rad8 19. Qg3 Ne3 20. Rfc1 Qd4 21. Bc3 Qb6 22. Qf2 Bd5 23. Bd2 Nc4 24. Qxb6 Nxb6 25. Bc3 Na4 26. Rd1 Nxc3 27. bxc3 Bxf3 28. gxf3 Kf8 29. f4 Ke7 30. Kg2 Rxd1 31. Rxd1 Rc8 32. Rb1 b6 33. Rb3 Ke6 34. Ra3 Rc7 35. Kf3 Kf5 36. Ke3 h5 37. c4 a5 38. Rb3 Rxc4 39. Rxb6 Rxf4 40. Rb7 Re4+ 41. Kf3 Rf4+ 42. Ke3 g5 43. Rxf7+ Kxe5 44. Rb7 Ra4 45. Rb5+ Kf6 46. Rb2 Kf5 47. Rc2 Kg4 48. Kf2 h4 49. Kg2 h3+ 50. Kg1 Ra3 51. Rd2 Rc3 52. Kf2 Kh4 53. Rd4+ g4 54. a4 Rc2+ 55. Kg1 Rc1+ 56. Kf2 Rh1 0-1

[Event "Interzonal (Women)-A 05th"]
[Site "Bad Kissingen"]
[Date "1982.??.??"]
[Round "?"]
[White "Semenova, Lidia K"]
[Black "Crotto, Rachel"]
[Result "1-0"]
[WhiteElo "2130"]
[BlackElo "2070"]
[PlyCount "71"]
[EventDate "1982.07.??"]
[EventType "tourn"]
[EventRounds "15"]
[EventCountry "GER"]
[SourceTitle "EXT 2009"]
[Source "ChessBase"]
[SourceDate "2008.11.26"]
[SourceVersion "1"]
[SourceVersionDate "2008.11.26"]
[SourceQuality "1"]

1. d4 Nf6 2. Nf3 e6 3. c4 Bb4+ 4. Nbd2 0-0 5. e3 d6 6. Bd3 Qe7 7. 0-0 Bxd2 8. Bxd2 e5 9. e4 Bg4 10. d5 a5 11. h3 Bd7 12. Nh2 a4 13. b4 axb3 14. axb3 Rxa1 15. Qxa1 Na6 16. b4 Nh5 17. Qd1 Qh4 18. Nf3 Qf6 19. c5 dxc5 20. Bxa6 bxa6 21. bxc5 Bb5 22. Re1 Qe7 23. Be3 Nf6 24. Qc2 h6 25. Nh4 Nh7 26. Nf5 Qf6 27. f4 exf4 28. Bd4 Qd8 29. Bxg7 Re8 30. Qc3 f6 31. c6 Re5 32. Bxh6 Qe8 33. Bxf4 Rxe4 34. Qg3+ Ng5 35. Rxe4 Qxe4 36. Bxg5 1-0

[Event "Olympiad Women-09"]
[Site "Valetta"]
[Date "1980.11.29"]
[Round "9"]
[White "Dragasevic, Antonina"]
[Black "Crotto, Rachel"]
[Result "0-1"]
[WhiteElo "2140"]
[BlackElo "2115"]
[PlyCount "172"]
[EventDate "1980.11.20"]
[EventType "team-swiss"]
[EventRounds "14"]
[EventCountry "MLT"]
[SourceTitle "EXT 2019"]
[Source "ChessBase"]
[SourceDate "2018.10.10"]
[SourceVersion "1"]
[SourceVersionDate "2018.10.10"]
[SourceQuality "1"]
[WhiteTeam "Yugoslavia (W)"]
[BlackTeam "United States (W)"]
[WhiteTeamCountry "YUG"]
[BlackTeamCountry "USA"]

1. e4 c5 2. Nf3 e6 3. d3 Nc6 4. g3 g6 5. Bg2 Bg7 6. 0-0 Nge7 7. Qe2 d6 8. c3 0-0 9. Be3 Rb8 10. d4 cxd4 11. Nxd4 Nxd4 12. Bxd4 Bxd4 13. cxd4 d5 14. Nc3 dxe4 15. Qxe4 b6 16. Qe5 Bb7 17. Rad1 Bxg2 18. Kxg2 Nd5 19. Ne4 Qd7 20. Ng5 Rbc8 21. h4 Rc2 22. h5 Qc6 23. Kg1 Qc7 24. hxg6 hxg6 25. Qxc7 Rxc7 26. Rd2 Rfc8 27. Rfd1 b5 28. a3 Nb6 29. Ne4 Rd8 30. b3 a5 31. Kf1 a4 32. Rb2 Nd5 33. bxa4 bxa4 34. Rd3 Rc4 35. Ke2 Rd7 36. f4 Kg7 37. Nc5 Rd8 38. Kd2 Nf6 39. Ke3 Ng4+ 40. Kf3 Rxc5 41. Kxg4 Rc4 42. Rbd2 Rd5 43. Kf3 Kf6 44. Ke4 Rb5 45. Rf2 Rc1 46. Ra2 Ke7 47. g4 g5 48. fxg5 Rxg5 49. Kf4 Kf6 50. Rh2 Rf1+ 51. Rf3 Rxf3+ 52. Kxf3 Rb5 53. Ke4 Rb3 54. Rf2+ Ke7 55. Ra2 Kd6 56. Rf2 Ke7 57. Ra2 Rg3 58. Kf4 Rb3 59. Ke4 Kf6 60. Rf2+ Kg6 61. d5 exd5+ 62. Kxd5 Rxa3 63. g5 Ra1 64. Rf6+ Kg7 65. Ra6 a3 66. Kc4 a2 67. Kb3 Rb1+ 68. Kxa2 Rb5 69. Rc6 Rxg5 70. Kb3 Rd5 71. Kc3 f6 72. Rc4 Kg6 73. Rg4+ Kh5 74. Rg1 f5 75. Kc4 Rd8 76. Rf1 Kg4 77. Rg1+ Kh3 78. Rf1 Rf8 79. Kd3 Kg2 80. Ra1 f4 81. Ra2+ Kg3 82. Ke2 f3+ 83. Kf1 Rb8 84. Ra1 Rb2 85. Kg1 Rg2+ 86. Kh1 Rh2+ 0-1

[Event "Olympiad Women-09"]
[Site "Valetta"]
[Date "1980.11.27"]
[Round "7"]
[White "Soppe, Edith"]
[Black "Crotto, Rachel"]
[Result "1-0"]
[WhiteElo "1930"]
[BlackElo "2115"]
[PlyCount "43"]
[EventDate "1980.11.20"]
[EventType "team-swiss"]
[EventRounds "14"]
[EventCountry "MLT"]
[SourceTitle "EXT 2019"]
[Source "ChessBase"]
[SourceDate "2018.10.10"]
[SourceVersion "1"]
[SourceVersionDate "2018.10.10"]
[SourceQuality "1"]
[WhiteTeam "Argentina (W)"]
[BlackTeam "United States (W)"]
[WhiteTeamCountry "ARG"]
[BlackTeamCountry "USA"]

1. e4 c5 2. c3 Nf6 3. e5 Nd5 4. d4 cxd4 5. Bc4 Nc7 6. cxd4 d6 7. Nf3 Nc6 8. 0-0 d5 9. Bd3 Bg4 10. Nbd2 Ne6 11. Nb3 Bxf3 12. Qxf3 Ncxd4 13. Nxd4 Nxd4 14. Qg4 Nc6 15. e6 Qd6 16. Bf4 Qxe6 17. Bf5 Qf6 18. Bc8 Rxc8 19. Qxc8+ Nd8 20. Bc7 e6 21. Bxd8 Qxd8 22. Qxb7 1-0

[Event "Olympiad Women-09"]
[Site "Valetta"]
[Date "1980.11.23"]
[Round "4"]
[White "Crotto, Rachel"]
[Black "Garcia Padron, Mary Pino"]
[Result "1/2-1/2"]
[WhiteElo "2115"]
[BlackElo "2125"]
[PlyCount "154"]
[EventDate "1980.11.20"]
[EventType "team-swiss"]
[EventRounds "14"]
[EventCountry "MLT"]
[SourceTitle "EXT 2019"]
[Source "ChessBase"]
[SourceDate "2018.10.10"]
[SourceVersion "1"]
[SourceVersionDate "2018.10.10"]
[SourceQuality "1"]
[WhiteTeam "United States (W)"]
[BlackTeam "Spain (W)"]
[WhiteTeamCountry "USA"]
[BlackTeamCountry "ESP"]

1. e4 c5 2. Nf3 e6 3. d3 Nc6 4. g3 d5 5. Nbd2 Bd6 6. Bg2 Nge7 7. 0-0 Bc7 8. Ng5 Ng6 9. f4 Nce7 10. Qh5 f6 11. Nh3 0-0 12. Nf3 Bd7 13. Nf2 Be8 14. Qh3 Qd7 15. Bd2 Rd8 16. Kh1 Bf7 17. Bc3 d4 18. Bd2 Qb5 19. b3 Ba5 20. a4 Qb6 21. Bxa5 Qxa5 22. Ng4 Qc7 23. Nd2 b6 24. Bf3 a6 25. Qg2 Be8 26. Nf2 Nc6 27. Bg4 Bd7 28. Qh3 Rde8 29. Nc4 Nb4 30. Rfc1 Re7 31. Kg1 Nh8 32. Qf1 Nf7 33. Qe2 Rfe8 34. Bh3 e5 35. Bxd7 Rxd7 36. f5 Nd6 37. Nd2 Rf7 38. Qh5 Ree7 39. Nf3 Qd8 40. Ng4 Qe8 41. Nf2 Rc7 42. g4 Rf8 43. Qh4 g6 44. fxg6 hxg6 45. Qg3 Nf7 46. g5 fxg5 47. Ng4 Qe6 48. Qg2 Kg7 49. h3 b5 50. axb5 axb5 51. Qd2 Rh8 52. Kg2 Nh6 53. Nxg5 Qe7 54. Nxh6 Rxh6 55. Rf1 Qe8 56. Rf2 Rh5 57. Raf1 Nxc2 58. Qxc2 Rxg5+ 59. Kh2 Qc8 60. Rf6 c4 61. Qd2 Rh5 62. Qg2 Rh6 63. bxc4 bxc4 64. dxc4 d3 65. Qf3 Qd7 66. Rf8 Qe6 67. Rd8 Rh8 68. Rxh8 Kxh8 69. Qxd3 Qxc4 70. Qd8+ Kh7 71. Qh4+ Kg8 72. Qf6 Rg7 73. Qd8+ Kh7 74. Qh4+ Kg8 75. Rf2 Rf7 76. Rxf7 Qxf7 77. Kg3 Kg7 1/2-1/2

[Event "Bydgoszcz (Women)"]
[Site "Bydgoszcz"]
[Date "1980.04.??"]
[Round "?"]
[White "Radzikowska, Krystyna"]
[Black "Crotto, Rachel"]
[Result "0-1"]
[WhiteElo "2045"]
[BlackElo "2115"]
[PlyCount "83"]
[EventDate "1980.??.??"]
[EventType "tourn"]
[EventRounds "12"]
[EventCountry "POL"]
[SourceTitle "EXT 1999"]
[Source "ChessBase"]
[SourceDate "1998.11.16"]
[SourceVersion "1"]
[SourceVersionDate "1998.11.16"]
[SourceQuality "1"]

1. d4 Nf6 2. c4 e6 3. Nf3 d5 4. Nc3 c6 5. e3 Nbd7 6. Bd3 dxc4 7. Bxc4 b5 8. Bd3 b4 9. Ne4 Nd5 10. 0-0 Be7 11. Ned2 c5 12. Nc4 0-0 13. e4 N5b6 14. e5 Nxc4 15. Bxc4 Nb6 16. Bd3 c4 17. Be4 Rb8 18. Qc2 g6 19. Bh6 Re8 20. h4 Bb7 21. Rfe1 Qd7 22. Rad1 Rbc8 23. h5 Bxe4 24. Rxe4 Bf8 25. Bxf8 Rxf8 26. g3 Qa4 27. Qb1 Nd5 28. Ree1 Rfd8 29. Kg2 Qe8 30. Qc2 c3 31. b3 Ne7 32. Rh1 Qc6 33. g4 Rf8 34. Kg3 Qc7 35. g5 Nf5+ 36. Kg4 Rcd8 37. Rh3 Rd7 38. hxg6 fxg6 39. d5 exd5 40. e6 Ng7 41. Rg3 Nxe6 42. Rd3 0-1

[Event "Interzonal (Women)-B 04th"]
[Site "Rio de Janeiro"]
[Date "1979.10.13"]
[Round "14"]
[White "Hund, Barbara"]
[Black "Crotto, Rachel"]
[Result "1/2-1/2"]
[WhiteElo "2105"]
[BlackElo "2055"]
[PlyCount "82"]
[EventDate "1979.09.24"]
[EventType "tourn"]
[EventRounds "17"]
[EventCountry "BRA"]
[SourceTitle "EXT 2004"]
[Source "ChessBase"]
[SourceDate "2003.11.25"]
[SourceVersion "1"]
[SourceVersionDate "2003.11.25"]
[SourceQuality "1"]

1. e4 c5 2. Nc3 a6 3. Nf3 Nc6 4. d4 cxd4 5. Nxd4 e6 6. Be2 Qc7 7. 0-0 b5 8. Nxc6 Qxc6 9. e5 Bb7 10. Bf3 Qc7 11. Bxb7 Qxb7 12. Qe2 Rc8 13. Bf4 Rc4 14. Bg3 Qc6 15. Rac1 Ne7 16. Rfe1 Nf5 17. Ne4 Be7 18. c3 Nxg3 19. hxg3 Qc7 20. Nd2 Rc6 21. Rcd1 0-0 22. Qg4 d5 23. exd6 Rxd6 24. Nb3 Rfd8 25. Rxd6 Qxd6 26. Qe4 h6 27. Na5 Rc8 28. Qb7 Rc5 29. Qa8+ Qd8 30. Qxd8+ Bxd8 31. Nb7 Rd5 32. Nxd8 Rxd8 33. a4 Rd2 34. axb5 axb5 35. b3 Rc2 36. Re5 Rxc3 37. Rxb5 Rc1+ 38. Kh2 Rc2 39. f3 Kh7 40. g4 Rb2 41. Kg3 g5 1/2-1/2

[Event "Interzonal (Women)-B 04th"]
[Site "Rio de Janeiro"]
[Date "1979.09.30"]
[Round "6"]
[White "Crotto, Rachel"]
[Black "Kozlovskaya, Valentina"]
[Result "0-1"]
[WhiteElo "2055"]
[BlackElo "2265"]
[PlyCount "56"]
[EventDate "1979.09.24"]
[EventType "tourn"]
[EventRounds "17"]
[EventCountry "BRA"]
[SourceTitle "EXT 2004"]
[Source "ChessBase"]
[SourceDate "2003.11.25"]
[SourceVersion "1"]
[SourceVersionDate "2003.11.25"]
[SourceQuality "1"]

1. e4 c5 2. c3 Nf6 3. e5 Nd5 4. d4 cxd4 5. cxd4 e6 6. a3 d6 7. Nf3 Nc6 8. Bd3 Qc7 9. 0-0 Be7 10. Qe2 0-0 11. Nc3 Nxc3 12. bxc3 dxe5 13. dxe5 b6 14. Qe4 g6 15. Bh6 Rd8 16. Rad1 Bb7 17. Qf4 Rd7 18. Bc2 Rad8 19. Ng5 Nxe5 20. Rde1 f6 21. Rxe5 Qxe5 22. Qxe5 fxe5 23. Nxe6 Rc8 24. Ba4 Rd6 25. Ng5 Rxc3 26. Be8 Bxg5 27. Bxg5 Kf8 28. Bd2 Rxd2 0-1

[Event "Olympiad Women-07 Final A"]
[Site "Haifa"]
[Date "1976.11.03"]
[Round "4"]
[White "Crotto, Rachel"]
[Black "Mott Mcgrath, Marion"]
[Result "1-0"]
[WhiteElo "2000"]
[BlackElo "2010"]
[PlyCount "89"]
[EventDate "1976.10.31"]
[EventType "team-tourn"]
[EventRounds "7"]
[EventCountry "ISR"]
[SourceTitle "EXT 2019"]
[Source "ChessBase"]
[SourceDate "2018.10.10"]
[SourceVersion "1"]
[SourceVersionDate "2018.10.10"]
[SourceQuality "1"]
[WhiteTeam "United States (W)"]
[BlackTeam "Australia (W)"]
[WhiteTeamCountry "USA"]
[BlackTeamCountry "AUS"]

1. e4 g6 2. d4 Bg7 3. Nc3 d6 4. f4 Nc6 5. Be3 Nf6 6. Nf3 0-0 7. Qd2 Ng4 8. Bg1 e5 9. h3 exd4 10. Nb5 Nf6 11. Bd3 Re8 12. 0-0-0 Nxe4 13. Bxe4 Rxe4 14. Ng5 Re8 15. Nxd4 Qf6 16. c3 Nxd4 17. Bxd4 Qf5 18. g4 Qa5 19. Bxg7 Kxg7 20. Qd4+ f6 21. Rhe1 Bd7 22. Ne4 Rxe4 23. Rxe4 Re8 24. Rxe8 Bxe8 25. g5 Qf5 26. Re1 Bf7 27. Re7 c5 28. gxf6+ Qxf6 29. Qxf6+ Kxf6 30. Rxb7 a5 31. Kd2 h5 32. Ke3 Bxa2 33. Rb6 Ke7 34. Ra6 Be6 35. h4 c4 36. Rxa5 Kf6 37. Ke4 Bf7 38. Ra6 Ke6 39. Rc6 Kd7 40. Ra6 Ke6 41. Ra5 Ke7 42. f5 d5+ 43. Rxd5 Bxd5+ 44. Kxd5 gxf5 45. Ke5 1-0